Diagnóstico industrial de alimentos Kamuk. Propuestas y Diseño de solución

Guardat en:
Dades bibliogràfiques
Autor principal: Durán Jiménez, Marlene
Format: Llibre
Publicat: [San José , Costa Rica] 1989
Matèries:
Etiquetes: Afegir etiqueta
Sense etiquetes, Sigues el primer a etiquetar aquest registre!

MARC

LEADER 00000nam a2200000Ia 4500
003 007311
005 20221231144306.0
008 140114s1989 cr a m 000 ||s d
040 |c cru CEDI 
090 |a TFG 3042 
100 |a Durán Jiménez, Marlene  |9 11523 
245 |a Diagnóstico industrial de alimentos Kamuk. Propuestas y Diseño de solución 
260 |c 1989  |a [San José , Costa Rica] 
300 |a 122 hojas : ilustraciones  
500 |a Proyecto de graduación (licenciatura en ingeniería industrial)--Universidad de Costa Rica. Facultad de Ingeniería. Escuela de Ingeniería Industrial 
650 |x CONTROL DE PROCESOS   |x RENDIMIENTO INDUSTRIAL   |x GESTION INDUSTRIAL   |x ALIMENTOS  |x CONTROL DE CALIDAD   |x  INDUSTRIA Y COMERCIO  |9 11524 
942 |c TFG 
999 |c 19693  |d 19693